| 000 | 00630rígua2200205ina4500952592 | ||
|---|---|---|---|
| 003 | MX-MxUPN | ||
| 005 | 20240702063750.0 | ||
| 008 | 991125q1922 mx a r 000 0 spa d | ||
| 035 | _aUPN01000035643 | ||
| 040 |
_aMX-MxUPN _bspa _cMX-MxUPN |
||
| 041 | 0 | _aspa | |
| 050 | 4 |
_aLB1592 M6 _bR6.4 |
|
| 100 | 1 |
_aRodríguez, Delfina C. _952592 |
|
| 245 | 1 | 3 | _aLa llave de la dicha doméstica |
| 260 |
_aMéxico : _bVda. de Ch. Bouret, _c1922 |
||
| 300 |
_a224 páginas : _bilustraciones |
||
| 650 | 4 |
_aEconomía doméstica _xEstudio y enseñanza (Elemental) _916784 |
|
| 650 | 4 |
_aMujeres _xEducación _zMéxico _96032 |
|
| 942 |
_2lcc _cLIBRO |
||
| 999 |
_c35643 _d35643 |
||